| 000 | 00422cam a2200169ua 4500 | ||
|---|---|---|---|
| 041 |
_aeng _h |
||
| 082 |
_a613.0432 _bSTU/HE |
||
| 100 | _aStuart, Harold C . | ||
| 245 | 0 | 0 |
_aHealthy child / _cHarold C Stuart. _hTextual Documents |
| 250 |
_a1 / _b. |
||
| 260 |
_aLondon : _bHarward University Press , _c1960. |
||
| 300 | _a507 ; . | ||
| 504 | _a | ||
| 700 | 1 | _aPrugh, Dane G . | |
| 942 | _cBK | ||
| 999 |
_c10648 _d10648 |
||